000
00228 a2200097 4500
001
60004
100
_a
245
_a
Tareek-e-Madina Munawra (Urdu)
260
_a
Lahor
_b
Maktaba-e-Rehmania
_c
2007
090
_c
36832
_d
36832
942
_a
NUST-CAE
_c
MONOGRAPH
_c
29816
999
_c
295077
_d
295077